000 00681nam a2200181Ia 4500
008 151018s9999 xx 000 0 und d
082 _bRBASDV25341
_a793.73
100 _aमनोहर चंपानेरकर
245 _aकोड्यात टाकणारी कोडी
250 _b1
260 _bजयदीप प्रकाशन पुणे
_c1994
300 _a63
600 _aमनोहर चंपानेरकर
630 _aकोड्यात टाकणारी कोडी
700 _aमनोहर चंपानेरकर
730 _aकोड्यात टाकणारी कोडी
942 _cBOOK
999 _c1024961
_d1024958